Представление документа в формате MARC21

Поле Инд. ПП Название Значение
Тип записи a
Библиографический уровень m
001 Контрольный номер RU/IS/BASE/313773619
005 Дата корректировки 20140703182811.2
040 a Служба первич. каталог. НБ ТвГУ
b Код языка каталог. rus
e Правила каталог. PSBO
041 0_ a Код языка текста rus
080 a Индекс УДК 510.6
084 a Индекс другой классификации/Индекс ББК В122
090 a Полочн. индекс В122
x Авторский знак Л 68
100 1_ a Автор Лобанов Владимир Иванович
q Полное имя Лобанов В. И.
245 10 a Заглавие Русская вероятностная логика для школьников и умных академиков
260 a Место издания Москва
b Издательство б. и.
c Дата издания 2008
300 a Объем 33 с.
b Иллюстрации/ тип воспроизводства ил., табл.
504 a Библиография Библиогр.: с. 32 (5 назв.)
653 a Ключевые слова Вероятностная логика
a Ключевые слова Математическая логика
a Ключевые слова Русская вероятностная логика
920 a Оператор Густ
952 c Вид литературы К ру
954 a Дата поступления на обработку 20100309